|
|
|
|
| LEADER |
01418nam a2200421 4500 |
| 001 |
on1124926051 |
| 003 |
OCoLC |
| 005 |
20200326101204.0 |
| 006 |
m o d |
| 007 |
cr cnu---unuuu |
| 008 |
191024s2019 mau o 000 0 eng d |
| 040 |
|
|
|a OPELS
|b eng
|e rda
|e pn
|c OPELS
|d OCLCF
|d UKMGB
|d UKAHL
|d GrThAP
|
| 015 |
|
|
|a GBB9H1925
|2 bnb
|
| 016 |
7 |
|
|a 019576826
|2 Uk
|
| 020 |
|
|
|a 9780128170953
|q (print)
|
| 020 |
|
|
|a 9780128170960
|q (ePub ebook)
|
| 020 |
|
|
|a 0128170964
|
| 035 |
|
|
|a (OCoLC)1124926051
|
| 050 |
|
4 |
|a QD281.P6
|
| 082 |
0 |
4 |
|a 547.28
|2 23
|
| 245 |
0 |
0 |
|a Enzymatic polymerizations /
|c edited by Nico Bruns, Katja Loos.
|
| 264 |
|
1 |
|a Cambridge, MA :
|b Academic Press,
|c 2019.
|
| 300 |
|
|
|a 1 online resource.
|
| 336 |
|
|
|a text
|b txt
|2 rdacontent
|
| 337 |
|
|
|a computer
|b c
|2 rdamedia
|
| 338 |
|
|
|a online resource
|b cr
|2 rdacarrier
|
| 490 |
1 |
|
|a Methods in enzymology ;
|v volume 627
|
| 588 |
0 |
|
|a Title details screen.
|
| 650 |
|
0 |
|a Polymerization.
|
| 650 |
|
0 |
|a Enzymology.
|
| 650 |
|
7 |
|a Enzymology.
|2 fast
|0 (OCoLC)fst00913635
|
| 650 |
|
7 |
|a Polymerization.
|2 fast
|0 (OCoLC)fst01070576
|
| 655 |
|
4 |
|a Electronic books.
|
| 700 |
1 |
|
|a Bruns, Nico,
|e editor.
|
| 700 |
1 |
|
|a Loos, Katja,
|e editor.
|
| 776 |
0 |
8 |
|i Print version :
|z 9780128170953
|
| 830 |
|
0 |
|a Methods in enzymology ;
|v v. 627.
|
| 856 |
4 |
0 |
|3 ScienceDirect
|u https://www.sciencedirect.com/science/bookseries/00766879/627
|z Full Text via HEAL-Link
|